000 00627nam a2200169Ia 4500
003 GCL
008 140319s9999 xx 000 0 ara d
040 _aGCL /
_cGCL
082 0 4 _a791.43
_bم د
100 1 _aالمنظمة العربية للتربية والثقافة
245 1 0 _aدليل حلقة السينما فى الوطن العربى /
_cالمنظمة العربية للتربية والثقافة
300 _a24 ص
490 _aالهيئة العامة للاستعلامات
_v0
650 0 4 _aالسينما التعليمية
650 0 4 _aالسينما - العالم العربى
942 _2ddc
_cBK
999 _c47309
_d47309